000
00303nam a22001337a 4500
003
SGT
082
_a
617.69
_b
R25G
100
_a
Gupta, Vaishali
245
_a
Restoring Edentulous ridges with implants
260
_b
SGT University
_c
2025
300
_a
144
650
_a
Prosthodontics
942
_2
ddc
_c
TH
999
_c
31363
_d
31363